|
|
|
|
| LEADER |
00000nam a2200000 a 4500 |
| 001 |
vtls001261268 |
| 003 |
SK-MaSNL |
| 005 |
20260426004252.0 |
| 008 |
240314s1968 xo o 0 slo |
| 035 |
|
|
|a SNK000212132
|
| 040 |
|
|
|a SNK
|b slo
|c SNK
|e AACR2
|
| 041 |
0 |
|
|a slo
|
| 044 |
|
|
|a xo
|c SK
|
| 072 |
|
7 |
|a 69
|x Stavebníctvo
|2 konspekt
|
| 080 |
|
|
|a 69
|2 2011
|
| 080 |
|
|
|a 338.246
|2 2011
|
| 080 |
|
|
|a (437.6)
|2 2011
|
| 080 |
|
|
|a (084.12)
|2 2011
|
| 100 |
1 |
|
|a Belický, Karol,
|d 1937-2016
|4 aut
|9 122693
|
| 245 |
1 |
0 |
|a Nová tvár Slovenska
|b 20 rokov znárodneného stavebníctva na Slovensku
|c Karol Belický ; prekl. res. Štefan Švagrovský (ruš.), Jozef Klein (nem.), Rastislav Lacko (franc.), Dušan Franců (angl.) ; úvod Ladislav Kompiš
|
| 260 |
|
|
|a Bratislava
|b Práca
|c 1968
|
| 300 |
|
|
|a [203] s., 40 s. príl.
|c 28 cm
|
| 650 |
0 |
7 |
|a stavebníctvo
|2 SNKPH
|9 726
|
| 650 |
0 |
7 |
|a znárodnenie
|2 SNKPH
|9 49988
|
| 650 |
0 |
7 |
|a Construction industry
|2 SNKPHeng
|9 265212
|
| 650 |
0 |
7 |
|a Nationalization
|2 SNKPHeng
|9 500328
|
| 651 |
|
7 |
|a Slovensko
|2 SNKPH
|9 14231
|
| 651 |
|
7 |
|a Slovakia
|2 SNKPHeng
|9 92630
|
| 655 |
|
7 |
|a fotografické publikácie
|2 SNKPH
|9 70483
|
| 655 |
|
7 |
|a Photographic publication
|2 SNKPHeng
|9 266858
|
| 700 |
1 |
|
|a Švagrovský, Štefan,
|d 1931-
|4 trl
|9 105116
|
| 700 |
1 |
|
|a Klein, Jozef
|4 trl
|9 381476
|
| 700 |
1 |
|
|a Lacko, Rastislav
|4 trl
|9 368265
|
| 700 |
1 |
|
|a Franců, Dušan
|4 trl
|9 445384
|
| 700 |
1 |
|
|a Kompiš, Ladislav
|4 aui
|9 343170
|
| 852 |
|
|
|a Štátna vedecká knižnica v Banskej Bystrici
|
| 958 |
|
|
|a OND
|
| 958 |
|
|
|a RK
|
| 999 |
|
|
|c 970281
|d 972211
|
| 952 |
|
|
|t P60, <04>, [BOOK], {604}
|a SNK
|b SNK
|y VYP
|7 0
|p 17A0235559
|o snkSB 14231 D1
|i snkKSP 4471/68
|0 0
|1 0
|4 0
|d 1996-08-06
|l 0
|r 2005-01-01 00:00:00
|w 2026-02-24
|
| 952 |
|
|
|a SNK
|b SNK
|y PREZ
|7 0
|p 17A0839480
|o snkSB 14231
|i snkKSP 4470/68
|0 0
|1 0
|4 0
|d 1996-08-06
|f 1
|l 0
|r 2025-03-17 00:00:00
|w 2026-02-24
|
| 952 |
|
|
|a SNK
|b SNK
|y PREZ
|7 0
|p 17A1023346
|o snkSB 14231 príl.
|i snkKSP 4470/68
|3 Príloha: Nová tvár Slovenska (brožúra)
|z Príloha: Nová tvár Slovenska (brožúra)
|0 0
|1 0
|4 0
|d 2013-09-24
|l 0
|r 2025-03-17 00:00:00
|w 2026-02-24
|